[Event "Dortmund1"]
[Site "Dortmund"]
[Date "2002.05.22"]
[Round "9"]
[White "Aragon, Jorge"]
[Black "Roehn, Winfried"]
[Result "0-1"]
[WhiteElo "1124"]
[BlackElo "1103"]
[PlyCount "46"]
[EventDate "2002.04.10"]
[EventType "tourn"]
[EventRounds "13"]
[EventCountry "GER"]
[SourceTitle "EXT 2007"]
[Source "ChessBase"]
[SourceDate "2006.11.23"]
[SourceVersion "1"]
[SourceVersionDate "2006.11.23"]
[SourceQuality "1"]

1. e4 e5 2. Nf3 Nf6 3. Nc3 Nc6 4. d4 exd4 5. Nxd4 d5 6. Nxc6 bxc6 7. Bg5 Bb4 8. Qf3 dxe4 9. Qd1 Bg4 10. Qxd8+ Rxd8 11. Bxf6 gxf6 12. h3 Be6 13. Be2 Rg8 14. 0-0 Bxh3 15. Kh2 Bxg2 16. Rfd1 Bd6+ 17. Kg1 Bh3+ 18. Kh1 Rg2 19. Nxe4 Bh2 20. Nxf6+ Ke7 21. Nxh7 Rdg8 22. Bd3 Be5 23. Re1 Rh2# 0-1